000 00535nam a22001937a 4500
005 20130617110254.0
010 _aENG-107491
020 _a9780300170825
_c976.00
035 _aEN-91024
037 _bDBAD/PUB
082 _a400
100 _aCrystal, David
245 _aA little book of language /
_cby David Crystal
260 _aLondon
_bYale University Press
_c2011
300 _avii,260p.:
_c22cm(pbk)
_bill.
500 _aIncludes index
650 _a Language and languages.
942 _2ddc
_cEN
_mCRY
_h400
999 _c76397
_d76397